[Event "Challenge"]
[Site "http://www.queenalice.com/game.php?id=918075"]
[Date "2011.3.27"]
[Round "-"]
[White "gillou23"]
[Black "cyrillt"]
[Result "1-0"]
[WhiteElo "1192"]
[BlackElo "1759"]

1. e4 e5 2. Nc3 Nf6 3. Nf3 Nc6 4. d4 d6 5. d5 Ne7 6. Bb5+ Bd7 7. a4 c6 8. Bxc6
bxc6 9. dxc6 Bxc6 10. Bg5 Nxe4 11. O-O Qb6 12. Nxe4 Bxe4 13. a5 Qxb2 14. c4 Nf5
15. Qa4+ Bc6 16. Qxc6# 1-0

[Event "AUTO-OPEN-2348"]
[Site "http://www.queenalice.com/game.php?id=932555"]
[Date "2011.5.1"]
[Round "1"]
[White "gillou23"]
[Black "vult0"]
[Result "0-1"]
[WhiteElo "1218"]
[BlackElo "1733"]

1. e4 e5 2. d4 exd4 3. Qxd4 Nf6 4. e5 Nc6 5. Qd1 Nxe5 6. f4 Nc6 7. Qe2+ Be7 8.
Nc3 O-O 9. Be3 Re8 10. Qc4 d6 11. Nd5 Be6 12. Qb5 Bxd5 13. h4 Qd7 14. Nf3 Ng4
15. Bd3 Nxe3 16. Rc1 Bxf3 17. a4 Bxg2 18. Rh2 Bf6 19. h5 Qg4 20. Qxb7 Nc4+ 21.
Kf2 Bd4# 0-1

[Event "AUTO-OPEN-2348"]
[Site "http://www.queenalice.com/game.php?id=932556"]
[Date "2011.5.1"]
[Round "1"]
[White "vult0"]
[Black "gillou23"]
[Result "1-0"]
[WhiteElo "1775"]
[BlackElo "1220"]

1. e4 e5 2. Nf3 Nc6 3. Bc4 d6 4. d4 exd4 5. Nxd4 Nf6 6. Nc3 Ng4 7. f3 Qh4+ 8. g3
Qh3 9. Bf1 Qh5 10. fxg4 Qe5 11. Nxc6 bxc6 12. Bd3 d5 13. Bd2 Bb4 14. Qe2 dxe4
15. Bxe4 O-O 16. O-O-O Rd8 17. Bxc6 Qd4 18. Bxa8 Bxc3 19. Bxc3 Qa4 20. Rxd8+ Qe8
21. Rxe8# 1-0

[Event "Challenge"]
[Site "http://www.queenalice.com/game.php?id=945755"]
[Date "2011.6.3"]
[Round "-"]
[White "gillou23"]
[Black "daddyrat"]
[Result "0-1"]
[WhiteElo "1224"]
[BlackElo "1686"]

1. e4 e5 2. Nf3 Nc6 3. Nc3 Nf6 4. a4 d5 5. exd5 Nxd5 6. d4 exd4 7. Nxd4 Nxd4 8.
Qxd4 Be6 9. Bb5+ c6 10. Bxc6+ bxc6 11. O-O a6 12. Re1 Qf6 13. Qb6 Be7 14. Qxc6+
Kf8 15. Qxa8+ Bd8 16. Kf1 Nxc3 17. bxc3 Ke7 18. Ba3+ Kd7 19. Qa7+ Ke8 20. Rab1
Qxc3 21. Rb8 Qxa3 22. Rd1 Qe7 23. Rdxd8+ Qxd8 24. Rxd8+ Kxd8 25. Qa8+ Bc8 26.
Qd5+ Bd7 27. c4 Re8 28. a5 Re6 29. Qg5+ f6 30. Qxg7 Kc7 31. Qf8 Kc6 32. Qa8+ Kc7
33. f4 f5 34. Qd5 Rd6 35. Qc5+ Rc6 36. Qa7+ Kd6 37. Qd4+ Kc7 38. Qe5+ Kb7 39.
Qe7 Kc7 40. Qe5+ Kb7 41. h3 Rxc4 42. Qd5+ Bc6 43. Qxc4 Bb5 44. Kf2 Bxc4 45. Ke3
Bd5 46. g3 Kc6 47. Kd4 Kd6 48. g4 fxg4 49. hxg4 Bf3 50. g5 Ke6 51. Ke3 Bh1 52.
Kf2 Kf5 53. Kg3 Be4 54. Kh4 Kxf4 55. Kh5 Ke5 0-1

[Event "AUTO-BEG-500"]
[Site "http://www.queenalice.com/game.php?id=970311"]
[Date "2011.8.9"]
[Round "1"]
[White "jmformijm"]
[Black "gillou23"]
[Result "1-0"]
[WhiteElo "1483"]
[BlackElo "1222"]

1. e4 e5 2. Nf3 d6 3. Bc4 Nf6 4. Nc3 Nc6 5. Ng5 Bg4 6. Bxf7+ Ke7 7. f3 h6 8.
fxg4 Nxe4 9. Nd5+ Kd7 10. Be6+ Ke8 11. Qf3 Nd4 12. Qf7# 1-0

[Event "AUTO-BEG-500"]
[Site "http://www.queenalice.com/game.php?id=970312"]
[Date "2011.8.9"]
[Round "1"]
[White "gillou23"]
[Black "jmformijm"]
[Result "0-1"]
[WhiteElo "1219"]
[BlackElo "1661"]

1. e4 d5 2. Nc3 d4 3. Nd5 c6 4. c4 cxd5 5. cxd5 a6 6. Qa4+ Qd7 7. Bb5 Qxb5 8.
Qxd4 Nf6 9. a4 Qd7 10. Nf3 e6 11. Ne5 Nc6 12. Nxc6 bxc6 13. a5 cxd5 14. exd5
Qxd5 0-1

[Event "AUTO-BEG-500"]
[Site "http://www.queenalice.com/game.php?id=970329"]
[Date "2011.8.9"]
[Round "1"]
[White "gillou23"]
[Black "Marecki"]
[Result "0-1"]
[WhiteElo "1222"]
[BlackElo "1545"]

1. e4 e5 2. Nc3 Nf6 3. d4 d6 4. d5 Be7 5. Bb5+ Bd7 6. Nf3 h6 7. h3 a6 8. Bxd7+
Nbxd7 9. g4 Nc5 10. Be3 b5 11. Nh4 Nfxe4 12. Nf5 Bf6 13. O-O g6 14. Nxe4 Nxe4
0-1

[Event "AUTO-BEG-500"]
[Site "http://www.queenalice.com/game.php?id=970330"]
[Date "2011.8.9"]
[Round "1"]
[White "Marecki"]
[Black "gillou23"]
[Result "1-0"]
[WhiteElo "1548"]
[BlackElo "1222"]

1. e4 d5 2. exd5 Qxd5 3. Nc3 Qe5+ 4. Nge2 Nf6 5. d4 Qa5 6. g3 Nc6 7. Bg2 Bg4 8.
O-O h5 9. h3 O-O-O 10. hxg4 Nxg4 11. Ne4 e5 12. c3 b5 13. b4 Nxb4 14. cxb4 Qxb4
15. Bd2 1-0

[Event "AUTO-BEG-500"]
[Site "http://www.queenalice.com/game.php?id=970331"]
[Date "2011.8.9"]
[Round "1"]
[White "gillou23"]
[Black "DanPessegueiro"]
[Result "0-1"]
[WhiteElo "1219"]
[BlackElo "1259"]

1. e4 e5 2. d4 Nc6 3. d5 Nd4 4. Nf3 Nxf3+ 5. Qxf3 f6 6. Bc4 d6 7. a4 a6 8. Qh5+
g6 9. Qg4 Bxg4 10. f3 Bc8 0-1

[Event "AUTO-BEG-521"]
[Site "http://www.queenalice.com/game.php?id=1022508"]
[Date "2012.1.31"]
[Round "1"]
[White "gillou23"]
[Black "Poker2001"]
[Result "0-1"]
[WhiteElo "1160"]
[BlackElo "1060"]

1. e4 d6 2. d4 e6 3. Nc3 Be7 4. d5 Bh4 5. g3 Bf6 6. dxe6 Bxc3+ 7. bxc3 Bxe6 8.
Nf3 Nf6 9. e5 Ne4 10. Ng5 c6 11. Nxf7 Bxf7 12. h4 dxe5 13. Qf3 Qd5 0-1

[Event "AUTO-BEG-521"]
[Site "http://www.queenalice.com/game.php?id=1022509"]
[Date "2012.1.31"]
[Round "1"]
[White "Poker2001"]
[Black "gillou23"]
[Result "1-0"]
[WhiteElo "1080"]
[BlackElo "1140"]

1. e4 Nc6 2. Be2 Nf6 3. e5 Nxe5 4. d4 Nc6 5. Nf3 d5 6. Ne5 Nxd4 7. Ng4 Nxg4 8.
Bxg4 Bxg4 9. Qxg4 Nxc2+ 10. Kd1 Nxa1 11. Bg5 d4 12. Nd2 c5 13. Qf5 g6 14. Qe5
1-0

[Event "AUTO-BEG-521"]
[Site "http://www.queenalice.com/game.php?id=1022512"]
[Date "2012.1.31"]
[Round "1"]
[White "gillou23"]
[Black "zahe"]
[Result "0-1"]
[WhiteElo "1122"]
[BlackElo "1240"]

1. e4 e5 2. d4 f6 3. d5 d6 4. Nf3 g5 5. Bb5+ c6 6. dxc6 bxc6 7. O-O cxb5 8. Nc3
Ba6 9. b4 Nc6 10. Bxg5 fxg5 11. Nxg5 Qxg5 12. Nd5 Rc8 13. g4 Nf6 14. Nc7+ Rxc7
15. Qxd6 Bxd6 16. Rad1 Qxg4+ 17. Kh1 Rg8 0-1

[Event "AUTO-BEG-521"]
[Site "http://www.queenalice.com/game.php?id=1022513"]
[Date "2012.1.31"]
[Round "1"]
[White "zahe"]
[Black "gillou23"]
[Result "1-0"]
[WhiteElo "1193"]
[BlackElo "1122"]

1. e4 d5 2. f3 d4 3. d3 e5 4. c3 dxc3 5. Nxc3 Nc6 6. f4 exf4 7. Bxf4 Nf6 8. Bg5
Be7 9. a3 Nd4 10. Nf3 Nb3 11. Qxb3 Be6 12. Qxb7 Ng4 13. Bxe7 Qb8 14. Qc6+ Kxe7
15. Nb5 Ne3 16. Qc5+ Ke8 17. Nxc7+ 1-0

[Event "Challenge"]
[Site "http://www.queenalice.com/game.php?id=1023656"]
[Date "2012.2.1"]
[Round "-"]
[White "gillou23"]
[Black "Ruusgugg"]
[Result "1-0"]
[WhiteElo "1158"]
[BlackElo "983"]

1. e4 e5 2. d4 Nc6 3. d5 Nd4 4. Nf3 Bc5 5. Bg5 f6 6. Nxe5 fxg5 7. Nc3 d6 8. Bb5+
c6 9. Qh5+ g6 10. Nxg6 Nf6 11. Bxc6+ bxc6 12. Qxg5 Rg8 13. O-O hxg6 14. dxc6 Rb8
15. e5 Rxb2 16. exf6 Nxc6 17. f7+ Kxf7 18. Qd5+ Kf6 19. Ne4+ Kg7 20. Rae1 Nb4
21. Qc4 Bb6 22. Nxd6 Bc7 23. Nf7 Qd7 24. Ne5 Qf5 25. Qxc7+ Kh8 26. Nf7+ Kh7 27.
Nd6+ Bd7 28. Nxf5 Rxc2 29. Qxd7+ Kh8 30. Nh6 1-0

[Event "Challenge"]
[Site "http://www.queenalice.com/game.php?id=1026802"]
[Date "2012.2.6"]
[Round "-"]
[White "gillou23"]
[Black "Ruusgugg"]
[Result "0-1"]
[WhiteElo "1184"]
[BlackElo "972"]

1. e4 e5 2. d4 Qe7 3. d5 Qh4 4. g3 Qxe4+ 5. Ne2 Qxh1 6. Bg5 Qxh2 7. Nbc3 Qh5 8.
Ne4 f5 9. f4 fxe4 10. fxe5 Qxg5 11. Nd4 Qxg3+ 0-1